Flags of South America - Statistics

General Stats
  • This quiz has been taken 4,643 times
  • The average score is 11 of 12
Answer Stats
Picture Answer % Correct
Brazil
100%
Argentina
98%
Uruguay
94%
Chile
93%
Peru
92%
Venezuela
91%
Colombia
90%
Ecuador
86%
Paraguay
85%
Guyana
84%
Suriname
83%
Bolivia
80%
No matching quizzes found
Score Distribution
Percent of People with Each Score
Percentile by Number Answered
Your Score History
You have not taken this quiz